[Event "European Chess Club Cup 2023"]
[Site "Durres, Albania"]
[Date "2023.10.05"]
[Round "5.1"]
[White "Rapport, Richard"]
[Black "Vachier-Lagrave, Maxime"]
[Result "1/2-1/2"]
[TimeControl "90' + 30' & 30\""]
[WhiteElo "2752"]
[BlackElo "2727"]

1. e4 {[%emt 00:01:11]} c5 {[%clk 01:30:55]} 2. Nf3 {[%clk 01:29:51]} {[%emt
00:00:14]} d6 {[%clk 01:31:22]} {[%emt 00:00:05]} 3. Bb5+ {[%clk 01:29:11]}
{[%emt 00:01:11]} Bd7 {[%clk 01:31:46]} {[%emt 00:00:06]} 4. c4 {[%clk
01:29:29]} {[%emt 00:00:11]} Nc6 {[%clk 01:31:57]} {[%emt 00:00:20]} 5. Nc3
{[%clk 01:29:15]} {[%emt 00:00:43]} e5 {[%clk 01:30:22]} {[%emt 00:02:06]} 6.
d3 {[%clk 01:29:13]} {[%emt 00:00:32]} Nge7 {[%clk 01:30:21]} {[%emt 00:00:31]}
7. h4 {[%clk 01:29:15]} {[%emt 00:00:28]} h5 {[%clk 01:23:20]} {[%emt
00:07:30]} 8. Bg5 {[%clk 01:29:09]} {[%emt 00:00:36]} f6 {[%clk 01:22:36]}
{[%emt 00:01:14]} 9. Be3 {[%clk 01:26:18]} {[%emt 00:03:21]} g6 {[%clk
01:20:20]} {[%emt 00:02:46]} 10. Qd2 {[%clk 01:16:58]} {[%emt 00:09:50]} Nd4
{[%clk 01:15:39]} {[%emt 00:05:12]} 11. Bxd7+ {[%clk 01:15:51]} {[%emt
00:01:36]} Qxd7 {[%clk 01:15:13]} {[%emt 00:00:56]} 12. O-O-O {[%clk 00:53:15]}
{[%emt 00:23:07]} b5 {[%clk 01:09:44]} {[%emt 00:06:00]} 13. Nxb5 {[%clk
00:49:36]} {[%emt 00:04:09]} Nxb5 {[%clk 01:09:36]} {[%emt 00:00:37]} 14. cxb5
{[%clk 00:50:04]} {[%emt 00:00:02]} Qxb5 {[%clk 01:09:18]} {[%emt 00:00:48]} 15.
Kb1 {[%clk 00:49:55]} {[%emt 00:00:39]} d5 {[%clk 00:51:28]} {[%emt 00:18:20]}
16. Qc2 {[%clk 00:46:50]} {[%emt 00:03:34]} d4 {[%clk 00:49:06]} {[%emt
00:02:52]} 17. Bc1 {[%clk 00:45:10]} {[%emt 00:02:09]} Nc8 {[%clk 00:49:30]}
{[%emt 00:00:06]} 18. Nd2 {[%clk 00:41:12]} {[%emt 00:04:28]} Nb6 {[%clk
00:48:06]} {[%emt 00:01:54]} 19. f4 {[%clk 00:39:42]} {[%emt 00:02:01]} exf4
{[%clk 00:45:04]} {[%emt 00:03:32]} 20. Nc4 {[%clk 00:39:42]} {[%emt 00:00:30]}
Nxc4 {[%clk 00:42:25]} {[%emt 00:03:09]} 21. dxc4 {[%clk 00:39:56]} {[%emt
00:00:16]} Qc6 {[%clk 00:42:51]} {[%emt 00:00:04]} 22. Bxf4 {[%clk 00:36:46]}
{[%emt 00:03:40]} Bg7 {[%clk 00:40:55]} {[%emt 00:02:26]} 23. Rhg1 {[%clk
00:22:51]} {[%emt 00:14:25]} Kf7 {[%clk 00:39:25]} {[%emt 00:02:00]} 24. Rde1
{[%clk 00:22:00]} {[%emt 00:01:21]} Rae8 {[%clk 00:39:18]} {[%emt 00:00:36]} 25.
Re2 {[%clk 00:21:50]} {[%emt 00:00:41]} Re6 {[%clk 00:39:13]} {[%emt 00:00:35]}
26. Qd3 {[%clk 00:19:13]} {[%emt 00:03:07]} Rhe8 {[%clk 00:39:28]} {[%emt
00:00:14]} 27. Rge1 {[%clk 00:19:40]} {[%emt 00:00:03]} a5 {[%clk 00:35:53]}
{[%emt 00:04:05]} 28. Bc1 {[%clk 00:17:30]} {[%emt 00:02:41]} a4 {[%clk
00:35:51]} {[%emt 00:00:32]} 29. Qf3 {[%clk 00:17:39]} {[%emt 00:00:20]} Kg8
{[%clk 00:31:24]} {[%emt 00:04:57]} 30. Qd3 {[%clk 00:13:40]} {[%emt 00:04:30]}
R8e7 {[%clk 00:29:41]} {[%emt 00:02:13]} 31. Kc2 {[%clk 00:13:39]} {[%emt
00:00:31]} Kh7 {[%clk 00:29:24]} {[%emt 00:00:47]} 32. Kd1 {[%clk 00:13:20]}
{[%emt 00:00:48]} Bh6 {[%clk 00:28:07]} {[%emt 00:01:48]} 33. Bxh6 {[%clk
00:13:38]} {[%emt 00:00:12]} Kxh6 {[%clk 00:28:31]} {[%emt 00:00:06]} 34. Kc2
{[%clk 00:11:25]} {[%emt 00:02:43]} Re5 {[%clk 00:25:14]} {[%emt 00:03:47]} 35.
Qf3 {[%clk 00:11:13]} {[%emt 00:00:42]} Kg7 {[%clk 00:19:09]} {[%emt 00:06:35]}
36. Kd3 {[%clk 00:09:05]} {[%emt 00:02:38]} Qb6 {[%clk 00:09:42]} {[%emt
00:09:56]} 37. Qf4 {[%clk 00:01:08]} {[%emt 00:08:27]} R7e6 {[%clk 00:09:44]}
{[%emt 00:00:29]} 38. Qd2 {[%clk 00:00:53]} {[%emt 00:00:45]} Qb7 {[%clk
00:09:45]} {[%emt 00:00:29]} 39. Qc2 {[%clk 00:00:32]} {[%emt 00:00:52]} Qb4
{[%clk 00:08:41]} {[%emt 00:01:32]} 40. Qd2 {[%clk 00:00:31]} {[%emt 00:00:31]}
Qxd2+ {[%clk 00:03:28]} {[%emt 00:05:43]} 41. Rxd2 {[%clk 00:26:31]} {[%emt
00:04:30]} Re8 {[%clk 00:26:36]} {[%emt 00:07:22]} 42. b4 {[%clk 00:25:52]}
{[%emt 00:01:09]} axb3 {[%clk 00:26:12]} {[%emt 00:00:55]} 43. axb3 {[%clk
00:25:13]} {[%emt 00:01:09]} f5 {[%clk 00:26:37]} {[%emt 00:00:04]} 44. Rde2
{[%clk 00:25:28]} {[%emt 00:00:14]} Rb8 {[%clk 00:23:51]} {[%emt 00:03:16]} 45.
Kc2 {[%clk 00:22:52]} {[%emt 00:03:07]} Kf6 {[%clk 00:24:01]} {[%emt 00:00:19]}
46. exf5 {[%clk 00:21:26]} {[%emt 00:01:57]} Rxe2+ {[%clk 00:24:00]} {[%emt
00:00:31]} 47. Rxe2 {[%clk 00:21:01]} {[%emt 00:00:54]} gxf5 {[%clk 00:24:23]}
{[%emt 00:00:06]} 48. Kb2 {[%clk 00:15:56]} {[%emt 00:05:36]} f4 {[%clk
00:21:07]} {[%emt 00:03:46]} 49. Kc2 {[%clk 00:16:07]} {[%emt 00:00:19]} Rg8
{[%clk 00:14:15]} {[%emt 00:07:20]} 50. b4 {[%clk 00:13:16]} {[%emt 00:03:22]}
Rg3 {[%clk 00:14:13]} {[%emt 00:00:32]} 51. Rd2 {[%clk 00:12:54]} {[%emt
00:00:53]} Rc3+ {[%clk 00:13:44]} {[%emt 00:00:59]} 52. Kd1 {[%clk 00:11:44]}
{[%emt 00:01:40]} Rxc4 {[%clk 00:08:02]} {[%emt 00:06:12]} 53. bxc5 {[%clk
00:12:05]} {[%emt 00:00:08]} Ke5 {[%clk 00:08:28]} {[%emt 00:00:03]} 54. Re2+
{[%clk 00:11:55]} {[%emt 00:00:41]} Kd5 {[%clk 00:08:54]} {[%emt 00:00:05]} 55.
Re8 {[%clk 00:08:05]} {[%emt 00:04:20]} Rxc5 {[%clk 00:09:21]} {[%emt
00:00:03]} 56. Kd2 {[%clk 00:08:26]} {[%emt 00:00:09]} Ra5 {[%clk 00:08:03]}
{[%emt 00:01:48]} 57. Rd8+ {[%clk 00:05:53]} {[%emt 00:03:03]} Ke4 {[%clk
00:08:28]} {[%emt 00:00:05]} 58. Re8+ {[%clk 00:06:21]} {[%emt 00:00:02]} Re5
{[%clk 00:08:53]} {[%emt 00:00:05]} 59. Rh8 {[%clk 00:06:15]} {[%emt 00:00:35]}
Ra5 {[%clk 00:07:04]} {[%emt 00:02:20]} 60. Re8+ {[%clk 00:06:34]} {[%emt
00:00:11]} Re5 {[%clk 00:06:27]} {[%emt 00:01:07]} 61. Rh8 {[%clk 00:06:51]}
{[%emt 00:00:13]} d3 {[%clk 00:01:40]} {[%emt 00:05:17]} 62. Rh7 {[%clk
00:02:53]} {[%emt 00:04:27]} Re6 {[%clk 00:01:28]} {[%emt 00:00:43]} 63. Rxh5
{[%clk 00:03:15]} {[%emt 00:00:08]} Ra6 {[%clk 00:01:55]} {[%emt 00:00:03]} 64.
Rg5 {[%clk 00:03:31]} {[%emt 00:00:14]} Ra2+ {[%clk 00:02:21]} {[%emt
00:00:03]} 65. Ke1 {[%clk 00:02:27]} {[%emt 00:01:34]} Ke3 {[%clk 00:01:48]}
{[%emt 00:01:04]} 66. Re5+ {[%clk 00:02:54]} {[%emt 00:00:03]} Kd4 {[%clk
00:02:16]} {[%emt 00:00:02]} 67. Rg5 {[%clk 00:03:13]} {[%emt 00:00:11]} Ra1+
{[%clk 00:02:41]} {[%emt 00:00:05]} 68. Kd2 {[%clk 00:03:39]} {[%emt 00:00:04]}
Ra2+ {[%clk 00:02:12]} {[%emt 00:00:59]} 69. Ke1 {[%clk 00:04:04]} {[%emt
00:00:05]} Re2+ {[%clk 00:02:13]} {[%emt 00:00:29]} 70. Kd1 {[%clk 00:04:25]}
{[%emt 00:00:08]} Ke3 {[%clk 00:02:01]} {[%emt 00:00:42]} 71. h5 {[%clk
00:04:01]} {[%emt 00:00:54]} 1/2-1/2

[Event "European Chess Club Cup 2023"]
[Site "Durres, Albania"]
[Date "2023.10.05"]
[Round "5.2"]
[White "Martirosyan, Haik M."]
[Black "Anand, Viswanathan"]
[Result "1/2-1/2"]
[TimeControl "90' + 30' & 30\""]
[WhiteElo "2696"]
[BlackElo "2754"]

1. d4 {[%clk 01:30:56]} {[%emt 00:00:03]} d5 {[%clk 01:30:48]} {[%emt
00:00:12]} 2. c4 {[%clk 01:31:07]} {[%emt 00:00:19]} dxc4 {[%clk 01:31:09]}
{[%emt 00:00:09]} 3. Nf3 {[%clk 01:31:05]} {[%emt 00:00:32]} Nf6 {[%clk
01:31:28]} {[%emt 00:00:11]} 4. e3 {[%clk 01:31:25]} {[%emt 00:00:10]} e6
{[%clk 01:31:51]} {[%emt 00:00:07]} 5. Bxc4 {[%clk 01:31:40]} {[%emt 00:00:15]}
c5 {[%clk 01:32:12]} {[%emt 00:00:09]} 6. O-O {[%clk 01:31:41]} {[%emt
00:00:29]} a6 {[%clk 01:32:30]} {[%emt 00:00:13]} 7. Be2 {[%clk 01:30:52]}
{[%emt 00:01:19]} cxd4 {[%clk 01:32:09]} {[%emt 00:00:50]} 8. Nxd4 {[%clk
01:31:12]} {[%emt 00:00:10]} Be7 {[%clk 01:31:27]} {[%emt 00:01:11]} 9. Qc2
{[%clk 01:31:11]} {[%emt 00:00:32]} O-O {[%clk 01:30:48]} {[%emt 00:01:09]} 10.
Rd1 {[%clk 01:31:32]} {[%emt 00:00:08]} Bd7 {[%clk 01:29:26]} {[%emt 00:01:51]}
11. Na3 {[%clk 01:31:37]} {[%emt 00:00:26]} Qe8 {[%clk 01:24:44]} {[%emt
00:05:12]} 12. Nc4 {[%clk 01:29:25]} {[%emt 00:02:41]} Nc6 {[%clk 01:24:02]}
{[%emt 00:01:12]} 13. Nb6 {[%clk 01:29:37]} {[%emt 00:00:19]} Nxd4 {[%clk
01:23:45]} {[%emt 00:00:48]} 14. exd4 {[%clk 01:29:59]} {[%emt 00:00:07]} Rd8
{[%clk 01:14:11]} {[%emt 00:10:03]} 15. Bf4 {[%clk 01:29:26]} {[%emt 00:01:04]}
Nd5 {[%clk 01:14:11]} {[%emt 00:00:30]} 16. Nxd5 {[%clk 01:29:33]} {[%emt
00:00:21]} exd5 {[%clk 01:14:33]} {[%emt 00:00:09]} 17. Qc7 {[%clk 01:29:26]}
{[%emt 00:00:38]} Bc6 {[%clk 01:00:17]} {[%emt 00:14:45]} 18. Bd3 {[%clk
01:17:01]} {[%emt 00:12:54]} Qd7 {[%clk 00:56:58]} {[%emt 00:03:49]} 19. Qxd7
{[%clk 00:59:00]} {[%emt 00:18:33]} Bxd7 {[%clk 00:56:43]} {[%emt 00:00:44]} 20.
Rac1 {[%clk 00:59:22]} {[%emt 00:00:07]} Rc8 {[%clk 00:56:59]} {[%emt
00:00:14]} 21. Rxc8 {[%clk 00:59:47]} {[%emt 00:00:06]} Rxc8 {[%clk 00:57:22]}
22. Rc1 {[%clk 01:00:10]} {[%emt 00:00:14]} Rxc1+ {[%clk 00:57:47]} {[%emt
00:00:05]} 23. Bxc1 {[%clk 01:00:36]} {[%emt 00:00:04]} Bd6 {[%clk 00:57:51]}
{[%emt 00:00:25]} 24. Bd2 {[%clk 01:00:49]} {[%emt 00:00:17]} f6 {[%clk
00:58:12]} {[%emt 00:00:09]} 25. f3 {[%clk 01:00:57]} {[%emt 00:00:23]} g6
{[%clk 00:58:15]} {[%emt 00:00:27]} 26. g3 {[%clk 01:01:23]} {[%emt 00:00:05]}
Kf7 {[%clk 00:58:39]} {[%emt 00:00:05]} 27. Kf2 {[%clk 01:01:50]} {[%emt
00:00:03]} h5 {[%clk 00:58:54]} {[%emt 00:00:15]} 28. h4 {[%clk 01:01:50]}
{[%emt 00:00:30]} Be6 {[%clk 00:58:58]} {[%emt 00:00:26]} 29. Bc2 {[%clk
01:02:01]} {[%emt 00:00:20]} Bd7 {[%clk 00:59:19]} {[%emt 00:00:08]} 30. Bd3
{[%clk 01:02:26]} {[%emt 00:00:05]} Be6 {[%clk 00:59:27]} {[%emt 00:00:21]}
1/2-1/2

[Event "European Chess Club Cup 2023"]
[Site "Durres, Albania"]
[Date "2023.10.05"]
[Round "5.3"]
[White "Deac, Bogdan-Daniel"]
[Black "Moussard, Jules"]
[Result "1/2-1/2"]
[TimeControl "90' + 30' & 30\""]
[WhiteElo "2701"]
[BlackElo "2642"]

1. e4 {[%clk 01:30:58]} {[%emt 00:00:01]} c5 {[%clk 01:30:54]} {[%emt
00:00:06]} 2. Nf3 {[%clk 01:30:17]} {[%emt 00:01:11]} d6 {[%clk 01:31:17]}
{[%emt 00:00:07]} 3. d4 {[%clk 01:28:07]} {[%emt 00:02:40]} cxd4 {[%clk
01:31:40]} {[%emt 00:00:07]} 4. Nxd4 {[%clk 01:28:34]} {[%emt 00:00:03]} Nf6
{[%clk 01:32:03]} {[%emt 00:00:07]} 5. Bd3 {[%clk 01:29:01]} {[%emt 00:00:03]}
Nc6 {[%clk 01:29:39]} {[%emt 00:02:54]} 6. Nxc6 {[%clk 01:28:59]} {[%emt
00:00:33]} bxc6 {[%clk 01:30:01]} {[%emt 00:00:06]} 7. O-O {[%clk 01:28:23]}
{[%emt 00:01:06]} g6 {[%clk 01:27:13]} {[%emt 00:03:19]} 8. b3 {[%clk
01:28:45]} {[%emt 00:00:07]} Bg7 {[%clk 01:27:39]} {[%emt 00:00:05]} 9. Bb2
{[%clk 01:29:10]} {[%emt 00:00:05]} O-O {[%clk 01:26:28]} {[%emt 00:01:41]} 10.
Nd2 {[%clk 01:26:18]} {[%emt 00:03:21]} e5 {[%clk 01:22:05]} {[%emt 00:04:54]}
11. Nc4 {[%clk 01:23:15]} {[%emt 00:03:32]} Be6 {[%clk 01:18:34]} {[%emt
00:04:02]} 12. Re1 {[%clk 01:21:02]} {[%emt 00:02:43]} Qc7 {[%clk 01:14:30]}
{[%emt 00:04:34]} 13. Qd2 {[%clk 01:19:50]} {[%emt 00:01:42]} Rad8 {[%clk
01:09:55]} {[%emt 00:05:04]} 14. Qa5 {[%clk 01:07:19]} {[%emt 00:13:02]} Qb8
{[%clk 01:03:46]} {[%emt 00:06:39]} 15. Qa6 {[%clk 01:02:31]} {[%emt 00:05:18]}
Rc8 {[%clk 01:00:45]} {[%emt 00:03:30]} 16. Rad1 {[%clk 00:54:33]} {[%emt
00:08:29]} Rfd8 {[%clk 00:57:53]} {[%emt 00:03:23]} 17. Bf1 {[%clk 00:54:43]}
{[%emt 00:00:19]} Ne8 {[%clk 00:56:40]} {[%emt 00:01:43]} 18. Na5 {[%clk
00:41:23]} {[%emt 00:13:50]} Qc7 {[%clk 00:42:29]} {[%emt 00:14:41]} 19. b4
{[%clk 00:37:28]} {[%emt 00:04:26]} Bf8 {[%clk 00:39:09]} {[%emt 00:03:50]} 20.
a3 {[%clk 00:31:36]} {[%emt 00:06:22]} Qb6 {[%clk 00:35:18]} {[%emt 00:04:21]}
21. Bc1 {[%clk 00:31:07]} {[%emt 00:00:57]} d5 {[%clk 00:27:23]} {[%emt
00:08:26]} 22. Nb7 {[%clk 00:22:10]} {[%emt 00:09:26]} Rd7 {[%clk 00:27:34]}
{[%emt 00:00:20]} 23. Nc5 {[%clk 00:22:36]} {[%emt 00:00:04]} Bxc5 {[%clk
00:27:56]} {[%emt 00:00:08]} 24. bxc5 {[%clk 00:23:04]} {[%emt 00:00:03]} Qxa6
{[%clk 00:23:02]} {[%emt 00:05:24]} 25. Bxa6 {[%clk 00:23:31]} {[%emt
00:00:02]} Rcd8 {[%clk 00:23:16]} {[%emt 00:00:15]} 26. exd5 {[%clk 00:22:27]}
{[%emt 00:01:35]} Rxd5 {[%clk 00:23:24]} {[%emt 00:00:22]} 27. Rxd5 {[%clk
00:22:46]} {[%emt 00:00:11]} Rxd5 {[%clk 00:23:07]} {[%emt 00:00:47]} 28. Bb2
{[%clk 00:18:14]} {[%emt 00:05:03]} Rxc5 {[%clk 00:19:43]} {[%emt 00:03:54]} 29.
Bd3 {[%clk 00:18:37]} {[%emt 00:00:06]} f6 {[%clk 00:19:01]} {[%emt 00:01:12]}
30. f4 {[%clk 00:19:02]} {[%emt 00:00:05]} Bc4 {[%clk 00:14:58]} {[%emt
00:04:33]} 31. fxe5 {[%clk 00:18:38]} {[%emt 00:00:54]} Bxd3 {[%clk 00:15:23]}
{[%emt 00:00:06]} 32. exf6 {[%clk 00:18:16]} {[%emt 00:00:53]} Nxf6 {[%clk
00:15:05]} {[%emt 00:00:47]} 33. cxd3 {[%clk 00:18:32]} {[%emt 00:00:14]}
1/2-1/2

[Event "European Chess Club Cup 2023"]
[Site "Durres, Albania"]
[Date "2023.10.05"]
[Round "5.4"]
[White "Oparin, Grigoriy"]
[Black "Van Foreest, Jorden"]
[Result "1/2-1/2"]
[TimeControl "90' + 30' & 30\""]
[WhiteElo "2681"]
[BlackElo "2707"]

1. e4 {[%clk 01:30:57]} {[%emt 00:00:01]} e5 {[%clk 01:30:40]} {[%emt
00:00:20]} 2. Nf3 {[%clk 01:31:23]} {[%emt 00:00:05]} Nc6 {[%clk 01:31:00]}
{[%emt 00:00:09]} 3. Bc4 {[%clk 01:31:40]} {[%emt 00:00:13]} Nf6 {[%clk
01:31:17]} {[%emt 00:00:14]} 4. d3 {[%clk 01:32:05]} {[%emt 00:00:05]} Be7
{[%clk 01:31:36]} {[%emt 00:00:10]} 5. O-O {[%clk 01:31:56]} {[%emt 00:00:39]}
O-O {[%clk 01:31:50]} {[%emt 00:00:17]} 6. Re1 {[%clk 01:31:23]} {[%emt
00:01:02]} d6 {[%clk 01:31:39]} {[%emt 00:00:40]} 7. a4 {[%clk 01:31:15]}
{[%emt 00:00:39]} h6 {[%clk 01:31:28]} {[%emt 00:00:41]} 8. a5 {[%clk
01:24:04]} {[%emt 00:07:40]} a6 {[%clk 01:31:40]} {[%emt 00:00:19]} 9. Nc3
{[%clk 01:18:20]} {[%emt 00:06:15]} Re8 {[%clk 01:30:51]} {[%emt 00:01:19]} 10.
Nd5 {[%clk 01:08:37]} {[%emt 00:10:13]} Nxd5 {[%clk 01:27:17]} {[%emt
00:04:03]} 11. Bxd5 {[%clk 01:07:43]} {[%emt 00:01:24]} Nxa5 {[%clk 01:24:02]}
{[%emt 00:03:45]} 12. Rxa5 {[%clk 00:42:50]} {[%emt 00:25:23]} c6 {[%clk
01:24:12]} {[%emt 00:00:20]} 13. Bxc6 {[%clk 00:43:17]} {[%emt 00:00:04]} bxc6
{[%clk 01:24:29]} {[%emt 00:00:13]} 14. Bd2 {[%clk 00:43:44]} {[%emt 00:00:03]}
Rb8 {[%clk 01:05:38]} {[%emt 00:19:20]} 15. b4 {[%clk 00:39:55]} {[%emt
00:04:19]} Bf8 {[%clk 00:57:13]} {[%emt 00:08:55]} 16. c4 {[%clk 00:35:28]}
{[%emt 00:04:58]} Qd7 {[%clk 00:43:18]} {[%emt 00:14:25]} 17. Bc3 {[%clk
00:33:28]} {[%emt 00:02:30]} Bb7 {[%clk 00:41:43]} {[%emt 00:02:04]} 18. Nd2
{[%clk 00:28:39]} {[%emt 00:05:19]} Rbd8 {[%clk 00:41:31]} {[%emt 00:00:43]} 19.
Qf3 {[%clk 00:20:41]} {[%emt 00:08:28]} Qe6 {[%clk 00:36:27]} {[%emt 00:05:34]}
20. Nf1 {[%clk 00:19:25]} {[%emt 00:01:46]} d5 {[%clk 00:35:33]} {[%emt
00:01:24]} 21. c5 {[%clk 00:14:18]} {[%emt 00:05:37]} d4 {[%clk 00:26:18]}
{[%emt 00:09:45]} 22. Bd2 {[%clk 00:14:42]} {[%emt 00:00:06]} Rb8 {[%clk
00:26:46]} {[%emt 00:00:02]} 23. Rea1 {[%clk 00:12:28]} {[%emt 00:02:44]} Bc8
{[%clk 00:26:45]} {[%emt 00:00:31]} 24. R5a4 {[%clk 00:12:18]} {[%emt
00:00:40]} Kh7 {[%clk 00:23:50]} {[%emt 00:03:25]} 25. Be1 {[%clk 00:10:03]}
{[%emt 00:02:45]} Rb5 {[%clk 00:19:17]} {[%emt 00:05:03]} 26. h3 {[%clk
00:08:14]} {[%emt 00:02:19]} Be7 {[%clk 00:18:41]} {[%emt 00:01:05]} 27. Nd2
{[%clk 00:05:27]} {[%emt 00:03:18]} a5 {[%clk 00:18:58]} {[%emt 00:00:13]} 28.
Rxa5 {[%clk 00:05:52]} {[%emt 00:00:05]} Rxb4 {[%clk 00:19:23]} {[%emt
00:00:05]} 29. Nc4 {[%clk 00:06:19]} {[%emt 00:00:03]} Rb5 {[%clk 00:14:22]}
{[%emt 00:05:30]} 30. Rxb5 {[%clk 00:05:22]} {[%emt 00:01:28]} cxb5 {[%clk
00:14:36]} {[%emt 00:00:16]} 31. Nd6 {[%clk 00:05:50]} {[%emt 00:00:02]} Bxd6
{[%clk 00:11:37]} {[%emt 00:03:29]} 32. cxd6 {[%clk 00:06:17]} {[%emt
00:00:03]} Qxd6 {[%clk 00:11:08]} {[%emt 00:01:00]} 33. Qxf7 {[%clk 00:06:43]}
{[%emt 00:00:04]} Rf8 {[%clk 00:08:52]} {[%emt 00:02:45]} 34. Qh5 {[%clk
00:06:38]} {[%emt 00:00:34]} Be6 {[%clk 00:08:06]} {[%emt 00:01:16]} 35. Rb1
{[%clk 00:06:15]} {[%emt 00:00:54]} Ra8 {[%clk 00:05:38]} {[%emt 00:02:58]} 36.
Kh2 {[%clk 00:04:54]} {[%emt 00:01:51]} Qc5 {[%clk 00:05:35]} {[%emt 00:00:32]}
37. Bb4 {[%clk 00:02:13]} {[%emt 00:03:11]} Qc2 {[%clk 00:05:42]} {[%emt
00:00:24]} 38. Rg1 {[%clk 00:02:26]} {[%emt 00:00:17]} Qxf2 {[%clk 00:03:56]}
{[%emt 00:02:16]} 39. Qxe5 {[%clk 00:02:49]} {[%emt 00:00:07]} Bxh3 {[%clk
00:03:02]} {[%emt 00:01:24]} 40. Be1 {[%clk 00:00:51]} {[%emt 00:02:28]} Qe3
{[%clk 00:03:28]} {[%emt 00:00:04]} 41. gxh3 {[%emt 00:16:56]} Ra2+ {[%clk
00:33:51]} 42. Rg2 {[%clk 00:14:59]} {[%emt 00:00:04]} Rxg2+ {[%clk 00:34:13]}
{[%emt 00:00:07]} 43. Kxg2 {[%clk 00:15:27]} {[%emt 00:00:02]} Qxe1 {[%clk
00:34:36]} {[%emt 00:00:06]} 44. Qf5+ {[%clk 00:15:48]} {[%emt 00:00:09]} Kg8
{[%clk 00:33:39]} {[%emt 00:01:28]} 45. Qe6+ {[%clk 00:15:51]} {[%emt
00:00:27]} 1/2-1/2

[Event "European Chess Club Cup 2023"]
[Site "Durres, Albania"]
[Date "2023.10.05"]
[Round "5.5"]
[White "Fedoseev, Vladimir"]
[Black "Movsesian, Sergei"]
[Result "1-0"]
[TimeControl "90' + 30' & 30\""]
[WhiteElo "2691"]
[BlackElo "2606"]

1. d4 {[%clk 01:30:40]} {[%emt 00:00:19]} Nf6 {[%clk 01:30:49]} {[%emt
00:00:12]} 2. c4 {[%clk 01:31:02]} {[%emt 00:00:08]} e6 {[%clk 01:30:57]}
{[%emt 00:00:21]} 3. Nf3 {[%emt 00:02:25]} Bb4+ {[%clk 01:30:23]} {[%emt
00:00:35]} 4. Nbd2 {[%clk 01:26:46]} {[%emt 00:03:21]} b6 {[%clk 01:30:26]}
{[%emt 00:00:27]} 5. g3 {[%clk 01:26:48]} {[%emt 00:00:28]} Bb7 {[%clk
01:26:02]} {[%emt 00:04:54]} 6. Bg2 {[%clk 01:27:16]} {[%emt 00:00:02]} d5
{[%clk 01:12:24]} {[%emt 00:14:07]} 7. O-O {[%clk 01:25:23]} {[%emt 00:02:23]}
O-O {[%clk 01:11:42]} {[%emt 00:01:12]} 8. b3 {[%clk 01:25:43]} {[%emt
00:00:10]} c5 {[%clk 01:05:22]} {[%emt 00:06:50]} 9. Bb2 {[%clk 01:22:15]}
{[%emt 00:03:58]} cxd4 {[%clk 00:59:48]} {[%emt 00:06:04]} 10. Nxd4 {[%clk
01:22:10]} {[%emt 00:00:35]} Nbd7 {[%clk 00:58:26]} {[%emt 00:01:53]} 11. cxd5
{[%clk 01:16:18]} {[%emt 00:06:21]} Nxd5 {[%clk 00:57:04]} {[%emt 00:01:52]} 12.
Rc1 {[%clk 01:15:31]} {[%emt 00:01:18]} Rc8 {[%clk 00:49:54]} {[%emt 00:07:39]}
13. Nc4 {[%clk 01:14:11]} {[%emt 00:01:50]} a6 {[%clk 00:41:31]} {[%emt
00:08:54]} 14. Nf5 {[%clk 01:04:25]} {[%emt 00:10:15]} N7f6 {[%clk 00:37:56]}
{[%emt 00:04:04]} 15. a3 {[%clk 00:57:15]} {[%emt 00:07:41]} Bc5 {[%clk
00:26:48]} {[%emt 00:11:39]} 16. Nxg7 {[%clk 00:48:02]} {[%emt 00:09:43]} Kxg7
{[%clk 00:26:02]} {[%emt 00:01:16]} 17. e4 {[%clk 00:48:17]} {[%emt 00:00:14]}
Nc7 {[%clk 00:25:20]} {[%emt 00:01:13]} 18. Qg4+ {[%clk 00:40:09]} {[%emt
00:08:37]} Kh8 {[%clk 00:25:45]} {[%emt 00:00:05]} 19. Rfd1 {[%clk 00:38:50]}
{[%emt 00:01:49]} Qe7 {[%clk 00:26:03]} {[%emt 00:00:12]} 20. Qf4 {[%clk
00:34:33]} {[%emt 00:04:47]} Nce8 {[%clk 00:25:21]} {[%emt 00:01:12]} 21. b4
{[%clk 00:34:08]} {[%emt 00:00:55]} b5 {[%clk 00:24:05]} {[%emt 00:01:47]} 22.
Na5 {[%clk 00:33:07]} {[%emt 00:01:31]} e5 {[%clk 00:18:09]} {[%emt 00:06:25]}
23. Qxe5 {[%clk 00:31:00]} {[%emt 00:02:37]} Qxe5 {[%clk 00:16:35]} {[%emt
00:02:05]} 24. Bxe5 {[%clk 00:31:29]} Bd6 {[%clk 00:16:54]} {[%emt 00:00:11]}
25. Rxc8 {[%clk 00:31:23]} {[%emt 00:00:37]} Bxc8 {[%clk 00:17:00]} {[%emt
00:00:24]} 26. Bxd6 {[%clk 00:31:52]} {[%emt 00:00:01]} Nxd6 {[%clk 00:17:07]}
{[%emt 00:00:23]} 27. Rxd6 {[%clk 00:32:21]} Be6 {[%clk 00:17:03]} {[%emt
00:00:33]} 28. Nb7 {[%clk 00:30:41]} {[%emt 00:02:10]} 1-0